000 00664nam a22002177a 4500
003 0
005 20260204144206.0
008 260204b xxu||||| |||| 00| 0 eng d
020 _a978-971-630-170-0
050 _aFIL 398.209599
_bMg617 2012
082 _aFIL 398.209599
_bMg617 2012
100 _aReyes, Severino O.
245 _aMga kuwento ni lola Basyang, volume 2
_cSeverino O. Reyes
260 _aMakati City :
_bTahanan Books,
_c2012.
300 _a187 pages :
_billustrations ;
_c23 cm.
546 _ain Filipino
650 _aTales
_zPhilippines.
650 _aFolk literature, Filipino.
650 _aChildren's stories, Filipino.
942 _2ddc
_cBK
999 _c368784
_d368784